| 000 | 00426cam a2200169ua 4500 | ||
|---|---|---|---|
| 003 | OSt | ||
| 008 | 250405b |||||||| |||| 00| 0 eng d | ||
| 020 | _a81-219-01111 | ||
| 082 |
_a670 _bSHA/TE |
||
| 100 |
_aSharma, P.C . _9398 |
||
| 100 |
_aMiste,Lmisme _9555 |
||
| 245 | _aA Textbook of Production Engineering / | ||
| 250 | _a1 / | ||
| 260 |
_aNew Delhi _bS.Chand &Company Pvt. Ltd _c2014 |
||
| 300 | _a983 . | ||
| 942 | _cBK | ||
| 999 |
_c1591 _d1591 |
||